| 000 | 00818nam a22002897a 4500 | ||
|---|---|---|---|
| 001 | BR9102198 | ||
| 003 | BR-BrBNA | ||
| 005 | 20230928093601.0 | ||
| 007 | ta | ||
| 008 | 230509b bl.||||| |||| 00| 0 por d | ||
| 040 |
_aBR-BrBNA _bpor _cBiblioteca Nacional de Agricultura |
||
| 041 | _a(Por) | ||
| 072 |
_aC20 _b/G514 |
||
| 090 | _ C20 BR9102198 | ||
| 100 | 1 | _aPimentel, L.R. | |
| 110 | 1 |
_aFaculdade de Comunicacao Social Casper Libero, Sao Paulo, SP (Brasil) _0Dissertacao (Mestre) _94489 |
|
| 245 | 1 | _aComunicacao e agricultura | |
| 260 | 3 |
_aSao Paulo, SP (Brasil): _c1989. |
|
| 300 | _a191 p. | ||
| 500 | _aSummary (Eng) | ||
| 650 | _aAGRICULTOR | ||
| 650 | _aCOMUNICACAO | ||
| 650 | _aADOCAO DE INOVACOES | ||
| 650 | _aDIFUSAO DE TECNOLOGIA | ||
| 909 |
_a202309 _bLucia _c55 _dLucia Elande |
||
| 942 | _cBK | ||
| 999 |
_c45849 _d45849 |
||